Statistiken für Dark Souls Bosse

Klicken Sie hier um das Quiz zu spielen!

Allgemein

  • Dieses Quiz wurde 125 mal gespielt
  • Das Durchschnittsergebnis liegt bei 11 aus 22

Antwortstatistiken

HintAntwort% Korrekt
Erster Boss im Asyl der UntotenAsyl-Dämon
74%
Ofen der Ersten FlammeAschefürst Gwyn
73%
Stadt/Bezirk der UntotenTaurus-Dämon
71%
Quelaags SpähreChaos-Hexe Quelaag
70%
Anor LondoDrachentöter Ornstein und Henker Smough
67%
Sens FestungEisengolem
66%
Grabmal der RiesenGrabesfürst Nito
63%
Ruinen von Neu-LondoVier Könige
60%
Finsterwurz GartenGroßer Grauer Wolf Sif
58%
Stadt/Bezirk der UntotenZiegendämon
56%
Gemalte Welt von AramisMischwesen Priscilla
47%
Die UntiefenKlaffdrache
46%
Finsterwurz GartenMondlicht-Schmetterling
45%
KristallhöhleSeath der Schuppenlose
44%
Stadt/Bezirk der UntotenGlocken-Gargoyles
42%
Wie er beim Rematch heißtVerirrter Dämon
40%
Die KatakombenFeuerrad
35%
DämonenruinenLavastrom-Dämon
35%
Verlorenes IzalithChaoswesen von Izalith
31%
DämonenruinenTausendfußdämon
31%
DämonenruinenFeuerdämon
30%
Anor LondoFinstersonne Wendelin
20%

Verteilung der Resultate

Perzentil nach korrekt beantworteten Fragen

Anzahl Personen mit jedem Resultat

Ihre Resultats-Entwicklung

Sie haben dieses Quiz noch nicht gespielt